| 000 | 00441nam a2200145Ia 4500 | ||
|---|---|---|---|
| 008 | 230211s9999||||xx |||||||||||||| ||und|| | ||
| 020 | _a805352058 | ||
| 082 |
_a242 _bKAN/T |
||
| 100 | _aKanellakos, Demetri P. | ||
| 245 | 4 | _aThe Psychobiology Of Transcendental Meditation A literature Review | |
| 250 | _aIst Edition | ||
| 260 |
_aUnited States _bLibrary Of Congress Catalogueing In Publication Data _c1974 |
||
| 300 | _a158p | ||
| 942 | _cBK | ||
| 999 |
_c41238 _d41238 |
||